000 00804nam a2200253Ia 4500
003 OSt
005 20220923230628.0
006 a|||||r|||| 00| 0
007 ta
008 220922b |||||||| |||| 00| 0 hin d
024 _a285,352
037 _cTextual
040 _aARTS
_cARTS
_bhin
041 _2hin
_ahin
082 _aO152,3N48x, N4
100 _aश्रीवास्तव, प्रीति
245 0 _aबिके हुए लोग
246 _aBike hue loga
260 _aनई दिल्ली
_b अयन प्रकाशन
_c1994
300 _a87पृ.
_ccm.
650 _aहिन्दी साहित्य
_9156264
942 _hO152,3N48x, N4
_cTEXL
_2CC
999 _c386161
_d386161